| 000 | 01049nam a2200241 i 4500 | ||
|---|---|---|---|
| 001 | 19618 | ||
| 003 | ES-MaACL | ||
| 005 | 20230906152132.0 | ||
| 007 | t| | ||
| 008 | 021004s1884 sp ||||1| spa d | ||
| 080 | _a550.348(599.13 Nueva Vizcaya) | ||
| 100 | 1 |
_aAbella y Casariego, Enrique, _d1847-1913 _9226444 |
|
| 245 | 1 | 0 |
_aTerremotos de Nueva Vizcaya (Filipinas) en 1881 : _binforme acerca de ellos, seguido de unos apuntes físicos y geológicos tomados en el viaje de Manila a dicha provincia / _cpor Enrique Abella y Casariego. |
| 260 |
_aMadrid : _b[s.n.], _c1884 ( _fImp. y Fundición de Manuel Tello) |
||
| 300 |
_a31 p., [1] h. de plano ; _c25 cm. |
||
| 530 | _aDisponible en formato digital. | ||
| 650 | 4 |
_aTerremotos- _zFilipinas. _9155970 |
|
| 650 | 4 |
_aGeología- _zFilipinas. _9149085 |
|
| 852 | 4 |
_aES-MaACL _jT-384-F-18 |
|
| 852 | 4 |
_aES-MaACL _jT-1106-F-10 _z- Legado de Federico de Botella y de Hornos |
|
| 856 | 4 |
_uhttp://bdh-rd.bne.es/viewer.vm?id=0000113672&page=1 _zBiblioteca Digital Hispánica |
|
| 999 |
_c19618 _d19618 |
||